LEADER 00893nam0-2200301---450- 001 990005515530403321 005 20130930111717.0 035 $a000551553 035 $aFED01000551553 035 $a(Aleph)000551553FED01 035 $a000551553 100 $a19990604d1960----km-y0itay50------ba 101 0 $afre 105 $ay-------001yy 200 1 $a<>Islam au proche Orient$eEgypte, Arabie, Palestine, Syrie, Liban, Jordanie, Irâq$fJean-Paul Roux 210 $aParis$cPayot$d1960 215 $a271 p.$d23 cm 225 1 $aBibliothèque historique 610 0 $aIslam$aDiffusione$aMedio Oriente 676 $a297.2$v22 700 1$aRoux,$bJean-Paul$f<1925- >$0213067 801 0$aIT$bUNINA$gRICA$2UNIMARC 901 $aBK 912 $a990005515530403321 952 $a297 ROU 1$bBibl. 33712$fFLFBC 959 $aFLFBC 996 $aIslam au proche Orient$9609529 997 $aUNINA LEADER 01278nam--2200373---4500 001 990000500650203316 005 20090729143659.0 010 $a88-14-06110-6 035 $a0050065 035 $aUSA010050065 035 $a(ALEPH)000050065USA01 035 $a0050065 100 $a20010611d1996----km-y0ENGy0103----ba 101 $aita 102 $aIT 200 1 $a<> nuova normativa di sicurezza sul lavoro$ecommento al D- Lgs. 19 settembre 1994, n.626 integrato e modificato dal D. Lgs. 19 marzo 1996, n.242$fFernanda Cervetti Spriano 210 $aMilano$cGiuffrè$dc1996 215 $aXVII, 384 p.$d24 cm 410 $12001 606 0 $aInfortuni sul lavoro$xPrevenzione$xLegislazione 606 0 $aMalattie del lavoro$xPrevenzione$xLegislazione 676 $a344.450465 700 1$aCERVETTI SPRIANO,$bFernanda$0344079 801 0$aIT$bsalbc$gISBD 912 $a990000500650203316 951 $aXXV.2.B 127 (IG III 703)$b12010 G$cXXV.2.B 127 (IG III)$d00237526 959 $aBK 969 $aGIU 979 $aPATTY$b90$c20010611$lUSA01$h1146 979 $c20020403$lUSA01$h1659 979 $aPATRY$b90$c20040406$lUSA01$h1635 979 $aRSIAV1$b90$c20090729$lUSA01$h1436 996 $aNuova normativa di sicurezza sul lavoro$9656608 997 $aUNISA